Plant drug analysis:a thin layer chromatography atlas (Record no. 1208338)

MARC details
000 -LEADER
fixed length control field 01045nam a2200337Ia 4500
003 - CONTROL NUMBER IDENTIFIER
control field OSt
005 - DATE AND TIME OF LATEST TRANSACTION
control field 20221007121023.0
008 - FIXED-LENGTH DATA ELEMENTS--GENERAL INFORMATION
fixed length control field 221006b |||||||| |||| 00| 0 eng d
020 ## - INTERNATIONAL STANDARD BOOK NUMBER
International Standard Book Number 9783642005732
037 ## - SOURCE OF ACQUISITION
Terms of availability Textbook
040 ## - CATALOGING SOURCE
Original cataloging agency BDL
Transcribing agency BDL
Language of cataloging eng
041 ## - LANGUAGE CODE
Source of code eng
Language code of text/sound track or separate title eng
100 ## - MAIN ENTRY--PERSONAL NAME
Personal name Wagner Hildebert
9 (RLIN) 710492
245 #0 - TITLE STATEMENT
Title Plant drug analysis:a thin layer chromatography atlas
Remainder of title Bladt Sabine
250 ## - EDITION STATEMENT
Edition statement 2
260 ## - PUBLICATION, DISTRIBUTION, ETC.
Place of publication, distribution, etc. Berlin
Name of publisher, distributor, etc. Springer
Date of publication, distribution, etc. 1996
300 ## - PHYSICAL DESCRIPTION
Extent xv, 384p.
Dimensions cm.
500 ## - GENERAL NOTE
General note Appendix 359- 366.; Bibliography 367-368p.; Index 369- 384.
650 ## - SUBJECT ADDED ENTRY--TOPICAL TERM
Topical term or geographic name entry element Medical pharmacy
9 (RLIN) 710493
650 ## - SUBJECT ADDED ENTRY--TOPICAL TERM
Topical term or geographic name entry element Plant physiology
9 (RLIN) 425556
650 ## - SUBJECT ADDED ENTRY--TOPICAL TERM
Topical term or geographic name entry element Thin layer chromatography
9 (RLIN) 710494
650 ## - SUBJECT ADDED ENTRY--TOPICAL TERM
Topical term or geographic name entry element Vegetable-analysis
9 (RLIN) 710495
650 ## - SUBJECT ADDED ENTRY--TOPICAL TERM
Topical term or geographic name entry element Materia medica
9 (RLIN) 710496
700 ## - ADDED ENTRY--PERSONAL NAME
Personal name Bladt Sabine
9 (RLIN) 710497
942 ## - ADDED ENTRY ELEMENTS (KOHA)
Classification part I:3, N6 Carb
Koha item type Textbook
Source of classification or shelving scheme Colon Classification (CC)
Holdings
Withdrawn status Lost status Source of classification or shelving scheme Damaged status Not for loan Home library Current library Date acquired Total Checkouts Full call number Barcode Date last seen Price effective from Koha item type
    Colon Classification (CC)     Department of Botany Library Department of Botany Library 2022-10-07   I:3 N6 Carb BD0005398 2022-10-07 2022-10-07 Textbook
Copyright @ Delhi University Library System